Statistics for Three Biggest Cities in Each Country on a Map

Click here to take the quiz!

General Stats

  • This quiz has been taken 1,120 times
  • The average score is 237 of 582

Answers on the Map

Answers color-coded by a green-red scale on the quiz's map according to % correct below.
 

Answer Stats

CountryPopulationCity% Correct
23,979,576Los Angeles
93%
18,336,817New York City
93%
18,843,706Mexico City
92%
12,731,571Toronto
91%
32,693,976Chicago
90%
19,047,570London
89%
13,334,730Madrid
89%
112,480,481Moscow
89%
2283,253Osh
89%
13,669,491Berlin
88%
12,175,601Paris
88%
12,808,293Rome
88%
21,664,182Barcelona
87%
1553,165Dublin
87%
1552,700Lisbon
87%
26,747,820Rio de Janeiro
87%
25,398,064Saint Petersburg
87%
16,039Schaan
87%
216,704,306Beijing
86%
115,113,808Istanbul
86%
12,967,360Kiev
86%
21,406,242Milan
86%
21,704,694Montreal
86%
1697,010Oslo
86%
19,555,919Tokyo
86%
11,114,745Amsterdam
85%
25,036,238Ankara
85%
1664,046Athens
85%
3174,369Bo
85%
19,293,612Cairo
85%
216,349,831Delhi
85%
110,795,500Lima
85%
31,484,226Munich
85%
2237,591Porto
85%
112,214,440Sao Paulo
85%
120,217,748Shanghai
85%
11,766,106Stockholm
85%
14,321,534Sydney
85%
11,790,658Warsaw
85%
13,054,267Buenos Aires
84%
11,330,993Copenhagen
84%
12,132,394Havana
84%
15,507,282Santiago
84%
11,921,153Vienna
84%
32,950,600Brasilia
83%
1656,920Helsinki
83%
118,394,912Mumbai
83%
3948,850Naples
83%
11,324,277Prague
83%
110,010,983Seoul
83%
21,160,254Birmingham
82%
17,715,800Bogota
82%
11,883,425Bucharest
82%
11,752,286Budapest
82%
21,847,253Hamburg
82%
2115,400Kara
82%
2868,277Marseille
82%
24,196,201Melbourne
82%
12,020,600Minsk
82%
11,242,568Sofia
82%
16,719,476Baghdad
81%
3629,920Glasgow
81%
19,607,787Jakarta
81%
3518,635Lyon
81%
1627,487Riga
81%
32,294San Marino
81%
18,693,706Tehran
81%
1832Vatican City
81%
1420,217Zurich
81%
25,107,530Alexandria
80%
12,364,230Algiers
80%
15,666,264Bangkok
80%
24,604,986Cape Town
80%
13,386,941Dubai
80%
15,880,000Johannesburg
80%
1880,691Panama City
80%
15,188,286Riyadh
80%
2829,875Rotterdam
80%
1418,495Tirana
80%
1638,845Tunis
80%
1688,163Zagreb
80%
11,618,400Auckland
79%
11,166,763Belgrade
79%
13,359,818Casablanca
79%
1936,425Jerusalem
79%
114,862,000Lagos
79%
21,780,148Manila
79%
137,308Monaco
79%
32,725,006Osaka
79%
1348,363Sarajevo
79%
15,685,807Singapore
79%
1437,619Tallinn
79%
3800,215Valencia
79%
31,585,500Valencia
79%
3215,100Wellington
79%
23,605,364Hanoi
78%
14,434,600Kabul
78%
3758,845La Paz
78%
1122,273Luxembourg
78%
13,255,288Pyongyang
78%
1232,280Reykjavik
78%
13,072,000Tripoli
78%
2450,000Tripoli
78%
119,383Andorra la Vella
77%
310,641,408Guangzhou
77%
11,588,750Kuala Lumpur
77%
22,551,721Quito
77%
1559,250Vilnius
77%
21,807,000Abu Dhabi
76%
13,273,000Addis Ababa
76%
21,414,913Damascus
76%
16,970,105Dhaka
76%
2203,951Geneva
76%
17,004,921Ho Chi Minh City
76%
1584,627Kingston
76%
112,961Kingstown
76%
114,950,000Kinshasa
76%
314,057,991Kolkata
76%
2779,115Krakow
76%
14,397,073Nairobi
76%
2460,613Tel Aviv
76%
1529,247Antwerp
75%
1440,948Bratislava
75%
31,239,220Calgary
75%
2125,622Cork
75%
1923,392Guatemala City
75%
114,916,456Karachi
75%
1286,745Ljubljana
75%
11,304,687Montevideo
75%
11,373,150Ulaanbaatar
75%
11,229,100Baku
74%
22,087,700Caracas
74%
12,646,503Dakar
74%
355,014Nicosia
74%
1897,859Port-au-Prince
74%
11,812,059Amman
73%
1521,600Asuncion
73%
32,054,616Brisbane
73%
1532,513Chisinau
73%
216,312Luganville
73%
1246,329Nassau
73%
21,184,469Nur-Sultan
73%
1509,900Skopje
73%
11,154,314Tbilisi
73%
3803,835The Hague
73%
2587,055Doha
72%
21,410,858Khartoum
72%
1288,054San Jose
72%
1540,989San Salvador
72%
12,987,013Santo Domingo
72%
11,650,000Beirut
71%
11,003,285Kathmandu
71%
3324,002Malmo
71%
31,534,731Mecca
71%
11,650,227Mogadishu
71%
31,017,699Odessa
71%
12,431,649Sana'a
71%
25,746Vaduz
71%
11,084,000Yerevan
71%
12,070,463Accra
70%
11,373,382Brazzaville
70%
1561,314Colombo
70%
14,364,541Dar es Salaam
70%
2655,078Gothenburg
70%
16,759,313Luanda
70%
1150,977Podgorica
70%
1145,149Pristina
70%
1118,369Georgetown
69%
31,700Georgetown
69%
11,421,409Muscat
69%
2315,196Thessaloniki
69%
11,274,225Antananarivo
68%
23,430,697Jeddah
68%
2285,601Bergen
67%
1475,322Djibouti City
67%
11,055,964Freetown
67%
1127,079Male
67%
22,490,200Medellin
67%
12,189,460Phnom Penh
67%
12,571,668Tashkent
67%
11,039,072Bishkek
66%
23,459,840Busan
66%
21,443,207Kharkiv
66%
211,126,285Lahore
66%
2182,153Portmore
66%
21,810,645Tijuana
66%
1325,858Windhoek
66%
11,041,145Managua
65%
11,021,762Monrovia
65%
11,092,960Tegucigalpa
65%
1387,909Bissau
64%
2383,200Christchurch
64%
34,000Victoria
64%
126,350Victoria
64%
1620,157Vientiane
64%
1947,221Ashgabat
63%
21,112,072Fes
63%
11,485,231Harare
63%
1200,000Manama
63%
1364,125Port Moresby
63%
166,888Sao Tome
63%
2167,121Split
63%
14,728,524Yangon
63%
22,440,062Yaounde
63%
12,132,100Aleppo
62%
225,583Belmopan
62%
1244,584Dili
62%
33,720,953Durban
62%
1372,410Juba
62%
11,680,600Kampala
62%
337,074Port of Spain
62%
1859,332Kigali
61%
1703,940Libreville
61%
11,080,277Maputo
61%
1951,418N'Djamena
61%
1240,924Paramaribo
61%
1114,551Thimphu
61%
14,395,243Abidjan
60%
1863,400Dushanbe
60%
12,627,700Lusaka
60%
193,970Suva
60%
11,977,011Almaty
59%
1775,000Asmara
59%
11,816,366Bamako
59%
12,173,800Lome
59%
1978,029Niamey
59%
3173,232Basel
58%
165,173Belize City
58%
11,660,973Conakry
58%
12,453,496Ouagadougou
58%
1127,832Praia
58%
1202,715Bandar Seri Begawan
57%
2381,346Brno
57%
1958,399Nouakchott
57%
2280,534Aarhus
56%
1622,771Bangui
56%
2263,927Ghent
56%
2291,130Graz
56%
11,055,700Lilongwe
56%
3679,941Lodz
56%
1110,000Bridgetown
55%
3333,506Naypyidaw
55%
1146,737Port Louis
55%
1279,500Gaborone
54%
21,208,333Mombasa
54%
122,219Saint John's
54%
137,391Apia
53%
32,205,700Cali
53%
12,589,229Guayaquil
53%
22,830,000Kano
53%
31,625,631Novosibirsk
53%
133,734Saint George's
53%
22,582,401Chittagong
52%
276,218Mbabane
52%
21,414,201Cordoba
51%
2264,320Porto-Novo
51%
21,147,188Benghazi
50%
32,956,772Izmir
50%
2257,000Malabo
50%
174,749Moroni
50%
114,725Roseau
50%
22,765,487Surabaya
50%
3207,595Trondheim
50%
23,740,172Yokohama
50%
120,000Castries
49%
379,504Galway
49%
1330,760Maseru
49%
3947,952Tangier
49%
2324,576Cluj-Napoca
48%
2125,944Gitega
48%
34,212,750Giza
48%
3285,316Haifa
48%
3206,552Linz
48%
3336,216Varna
48%
114,000Basseterre
47%
1130,176Honiara
47%
2231,798Novi Sad
47%
2293,257Kaunas
46%
21,361,819Mosul
46%
2803,329Oran
46%
32,394,873Bandung
45%
117,330Betio
45%
3985,624Rosario
45%
11,442,396Santa Cruz de la Sierra
45%
11,207Senala
45%
3241,009Tampere
45%
31,961,260Isfahan
44%
12,262,600Maracaibo
44%
31,340,827Basra
43%
123,221Nuku'alofa
43%
151,437Port Vila
43%
12,446,945Douala
42%
26,647Palikir
42%
12,936,116Quezon City
42%
1679,012Cotonou
41%
3180,302Odense
41%
2347,851Plovdiv
41%
11,112,057Bujumbura
40%
3202,746Charleroi
40%
120,301Delap-Uliga-Djarrit
40%
21,225,546Mandalay
40%
2201,432Debrecen
39%
2292,796Espoo
39%
33,029,285Incheon
39%
23,001,184Mashhad
39%
2113,249Durres
38%
32,560,000Ibadan
38%
2133,807Tiraspol
38%
3523,300Kandahar
36%
2238,138Kosice
36%
3183,164Nis
36%
2510,300Gomel
35%
21,283,380Lubumbashi
35%
2272,801Sfax
35%
31,632,991Davao City
34%
3287,968Ostrava
34%
292,972Tartu
34%
3319,279Timisoara
34%
3501,459Zanzibar
34%
22,035,064Kumasi
33%
1101,000Limassol
33%
296,211Maribor
33%
3988,561Da Nang
32%
33,204,726Faisalabad
32%
2135,059Banja Luka
31%
3128,384Rijeka
31%
3546,303Samarkand
31%
3167,446Patras
29%
21,081,900Arequipa
28%
282,046Daugavpils
28%
2574,300Herat
28%
32,765,932Kaohsiung
28%
14,030,954New Taipei City
28%
3652,609Homs
27%
2671,460San Pedro Sula
27%
3149,046Klaipeda
26%
31,274,749Sharjah
25%
2169,095Batumi
24%
2433,406Santiago de Cuba
24%
2225,607Siem Reap
24%
2172,148Leon
23%
2715,334Pointe-Noire
23%
3221,530Sousse
23%
219,562Keflavik og Njardvik
22%
354,409Narva
22%
3160,766Szeged
21%
2830,100Blantyre
20%
3448,374Constantine
20%
2741,000Hargeisa
20%
31,213,726Mbuji-Mayi
20%
22,820,787Taichung
20%
3364,800Vitebsk
20%
379,513Vlore
20%
14,802Serravalle/Dogana
19%
319,069Akureyri
18%
1290,000Bata
18%
236,218Esch-sur-Alzette
17%
11,849,659Omdurman
17%
285,119Prizren
17%
225,463Birkirkara
16%
371,350Bitola
16%
2328,400Ganja
16%
3186,502Vila Nova de Gaia
16%
362,096Walvis Bay
16%
2653,337Bulawayo
15%
31,643,623Ecatepec de Morelos
15%
214,599Escaldes-Engordany
15%
19,781Koror
15%
2148,934Lae
15%
397,930Balti
14%
3310,182Camaguey
14%
2304,300Ciudad del Este
14%
2846,880El Alto
14%
368,535Liepaja
14%
387,886Presov
14%
2280,000Santa Ana
14%
2753,315Touba
14%
374,457Tuzla
14%
2768,551Hamhung
13%
2706,453Mwanza
13%
256,970Niksic
13%
132,204Saint Paul's Bay
13%
31,074,167Shymkent
13%
3250,000Sidon
13%
2279,765Turkmenabat
13%
2114,900Francistown
12%
228,000Freeport
12%
3135,201Kutaisi
12%
2104,011Salto
12%
21,329,091Santiago de los Caballeros
12%
3317,763Thies
12%
2903,887Bobo-Dioulasso
11%
3580,706Cuenca
11%
2112,400Gyumri
11%
3595,304Huambo
11%
2264,991Pokhara
11%
31,010,315Callao
10%
327,409Differdange
10%
337,941Kranj
10%
273,590Kumanovo
10%
2600,751Lubango
10%
3550,000Misrata
10%
2136,462Port-Gentil
10%
2596,672Ta'izz
10%
3371,351Tamale
10%
2635,160Zarqa
10%
2124,176Bimbo
9%
3502,714Irbid
9%
3111,135Jalal-Abad
9%
31,012,211Khartoum North
9%
2715,200Kitwe
9%
3663,212Nampula
9%
2118,167Nouadhibou
9%
311,448Paro
9%
1337,000Serekunda
9%
324,358Sliema
9%
3147,152Spanish Town
9%
35,330Triesen
9%
2465,019Carrefour
8%
183,516Chaguanas
8%
3667,929Chongjin
8%
299,490Erdenet
8%
3110,568Franceville
8%
3323,900Gondar
8%
1110,537Manzini
8%
3235,605Zinder
8%
22,394Borgo-Maggiore
7%
2536,719Bouake
7%
354,239Gjilan
7%
2183,600Khujand
7%
21,032,197Matola
7%
371,048Nadi
7%
3574,000Ndola
7%
368,093Pakse
7%
319,136Pljevlja
7%
2610,118Puente Alto
7%
248,838San Fernando
7%
3297,600Sumqayit
7%
2325,857Toamasina
7%
377,200Vanadzor
7%
3151,320Wau
7%
113,856Weno
7%
2254,886Alajuela
6%
1589,531Ar-Rayyan
6%
3151,827Battambang
6%
350,245Buchanan
6%
384,707Darkhan
6%
3190,722Kankan
6%
2146,483Keren
6%
270,468Mindelo
6%
2463,019Mixco
6%
3570,674Nakuru
6%
2626,120Namangan
6%
36,639Nett
6%
323,582San Ignacio
6%
2375,409San Miguelito
6%
37,636Sant Julia de Loria
6%
2361,911Seeb
6%
3426,316Villa Nueva
6%
2324,000Adama
5%
3548,433Al Hudaydah
5%
3246,354Antsirabe
5%
3348,766Bamenda
5%
3245,360Daloa
5%
3245,872Dashoguz
5%
243,556Gabu
5%
31,592,053Gazipur
5%
2136,830Gisenyi
5%
2200,443Kenema
5%
350,206Kiffa
5%
231,890Kuala Belait
5%
3226,728Lalitpur
5%
228,674Linden
5%
3260,200Luque
5%
2267,249Maradi
5%
34,368Marsh Harbour
5%
2137,929Moundou
5%
3240,000Mzuzu
5%
2254,375Nonthaburi
5%
2195,027Nzerekore
5%
3255,478Parakou
5%
24,167Portsmouth
5%
2195,606Riffa
5%
263,431Rundu
5%
3701,847Santo Domingo Oeste
5%
3137,251Sarh
5%
291,684Savannakhet
5%
2225,753Sikasso
5%
2185,000Yei
5%
31,220Aiwo
4%
237,939Ali Sabieh
4%
23,412All Saints
4%
329,556Bafata
4%
217,357Baucau
4%
376,918Berberati
4%
310,342Big Bend
4%
2101,119Brikama
4%
3356,840Chitungwiza
4%
3202,000Choloma
4%
395,176Ciudad de la Costa
4%
256,986Gbarnga
4%
3462,900Kira
4%
3160,207Koudougou
4%
271,573Lautoka
4%
3468,390Maipu
4%
3499,000Merca
4%
3176,583Muharraq
4%
227,658Phuentsholing
4%
3111,800Qurghonteppa
4%
3109,200Sokode
4%
3262,975Soyapango
4%
23,600Speightstown
4%
336,443Arawa
3%
372,039Bakau
3%
3103,740Beau Bassin-Rose Hill
3%
3359,451Delmas
3%
11,497Denigomodu
3%
324,886Dikhil
3%
3364,710Doha Industrial Area
3%
383,798Dolisie
3%
332,000Ebebiyin
3%
317,081Espargos
3%
2892,915Farwaniya
3%
217,291Fomboni
3%
1957,090Hawally
3%
311,129Hithadhoo
3%
215,769Hulhumale
3%
3795,522Kajang
3%
3127,440Las Cumbres
3%
32,239Liberta
3%
312,787Maliana
3%
255,541Maputsoe
3%
340,040Mohale's Hoek
3%
395,609Muyinga
3%
2532,800Nansana
3%
28,391Neves
3%
3190,272Pak Kret
3%
359,333Ruhengeri
3%
212,486Saint David's
3%
23,140Sandy Point
3%
37,445Santana
3%
346,700Selebi-Phikwe
3%
267,904Strovolo
3%
3137,519Tipitapa
3%
2105,933Vacoas-Phoenix
3%
34,500Vieux Fort
3%
22,455Airai
2%
34,705Anse Royale
2%
24,827Baie Sainte Anne
2%
27,575Bikenibeu
2%
24,000Byera Village
2%
33,324Canefield
2%
32,500Cayon
2%
326,161De Nieuwe Grond
2%
212,876Dennery
2%
3208,411Desamparados
2%
215,000Ebeye
2%
21,158Fakaifou
2%
3516,252Funtas
2%
323,129Golden Grove
2%
2252,041Kaduwela
2%
3166,722Kalabancoro
2%
227,713Koewarasan
2%
31,473Lenakel
2%
3196,423Maharagama
2%
38,500Malango
2%
21,380Meneng
2%
31,679Meyuns
2%
311,955Mirontsi
2%
3234,226Muttrah
2%
23,731Neiafu
2%
32,285Oistins
2%
2818,197Sebarang Perai
2%
320,327Sengkurong
2%
364,889Teseney
2%
27,299Vaitele
2%
31,029Alapi
1%
34,260Faleasiu
1%
36,390Rairok
1%
219,900Tandai
1%
36,073Teaoraereke
1%
33,489Tofoa-Koloua
1%

Score Distribution

Percentile by Number Answered

Percent of People with Each Score

Your Score History

You have not taken this quiz